| 000 | 01045nam a2200253 u 4500 | ||
|---|---|---|---|
| 001 | 000066351 | ||
| 003 | AM-YEHGA | ||
| 005 | 20250618071015.0 | ||
| 008 | 971222s1961 ru |||||||||||||||||rus d | ||
| 040 | _aAM-YeHGA | ||
| 041 | 1 |
_arus _harm |
|
| 100 | 1 |
_aԴեմիրճյան, Դերենիկ Կարապետի, _d1877-1956 |
|
| 245 | 1 | 0 |
_aВардананк : _bИсторический роман : Пер. с арм. / _cД.К. Демирчян ; Пер. с арм. А. Тадевосян ; Ил. Л. Ламм. |
| 260 |
_aМосква : _bИзвестия, _c1961. |
||
| 300 |
_aкнига ; _c21 см. |
||
| 440 | 0 | _aБиблиотека исторических романов народов СССР | |
| 505 | 0 | 0 |
_gКн. 1 (1961, 398 с.) ; _gКн. 2 (1961, 479 с.) |
| 650 | 1 | 4 | _aАрмянская литература |
| 653 | 1 | _aАрмения, 5 в. (х.л.) | |
| 700 | 1 |
_aԹադևոսյան, Արուս Արշակի, _d1907-1983 _eпер. _4trl _91115 |
|
| 700 | 1 |
_aЛамм, Л. _eил. _4ill |
|
| 942 |
_2udc _cBK |
||
| 090 | _c19787 | ||
| 999 |
_c19589 _d19589 |
||